[Event "1st Gujarat GM Open 2018"]
[Site "Ahmedabad"]
[Date "2018.10.09"]
[Round "6"]
[White "Pranesh M"]
[Black "Patil, Pratik"]
[Result "1-0"]
[WhiteElo "2028"]
[BlackElo "2280"]
[Annotator "TA"]
[PlyCount "111"]
[EventDate "2018.10.05"]
[EventType "swiss"]
[EventCountry "IND"]
[SourceTitle "playchess.com"]
[Source "ChessBase"]
[SourceQuality "1"]

{[%evp 14,111,20,29,81,84,80,79,177,180,254,247,320,177,170,83,287,95,112,28,39,25,25,11,22,-1,0,-32,-29,-37,-11,-35,67,3,49,0,65,52,71,68,77,73,88,24,64,47,69,23,51,0,0,0,0,0,10,8,48,41,110,12,10,18,31,10,485,478,470,437,447,489,484,491,462,328,583,553,551,544,552,544,839,795,795,776,718,706,1687,1637,1642,1636,1509,1630,1618,1579,1150,1129,1062,991,1784,1740]} 1. e4 c5 2. Nf3 e6 3. Nc3 a6 4. g3 b5 5. Bg2 Bb7 6. d4 cxd4 7. Nxd4 Nf6 8. a3 b4 {B43: Sicilian: Kan Variation: 5 Nc3} (8... Qc7 $11 {remains equal.}) 9. axb4 $16 Bxb4 10. O-O d5 $146 (10... Qc7 $16 {might work better.}) ({Predecessor:} 10... O-O 11. Bg5 Qc7 12. Bxf6 gxf6 13. Qg4+ Kh8 14. Qh4 Qe5 15. Nf3 Qc5 16. Qxf6+ {½-½ (38) Djuric,S (2393)-Landa,K (2625) Minsk 2015}) 11. e5 $18 {Black must now prevent Na2.} Nfd7 (11... Ne4 {is a better defense.} 12. Nxe4 dxe4) 12. Qg4 $1 Bf8 13. Re1 (13. Nxd5 $142 exd5 14. e6) 13... h5 14. Qe2 (14. Qh3 $1 $18 {and White stays clearly on top.} Qb6 15. Be3) 14... Qc7 $2 (14... Bc5 $16 {keeps fighting.} 15. Be3 Bxd4 16. Bxd4 Nc6) 15. Bf4 $2 (15. Nxd5 $18 Qc8 16. Nf4) 15... Nb6 $16 {[#]} 16. Bg5 (16. Nf5 $1 $16) 16... Nc6 $11 17. Rad1 Be7 18. Be3 Nc4 19. Nxc6 Nxe3 20. Qxe3 (20. Nxe7 {keeps more tension.} Nxg2 21. Nexd5 exd5 22. Kxg2 d4+ 23. Ne4) 20... Bxc6 21. Ne2 h4 22. Nd4 {Hoping for c4!} hxg3 ({Black should play} 22... Bd7 $15) 23. hxg3 (23. Qxg3 $14 Rh6 24. Qxg7 (24. Nxc6 Qxc6 25. c3 Kf8 $15)) 23... Bb7 24. c3 a5 ({Black should try} 24... Kf8 $11) 25. Bf1 Ba6 26. Bxa6 Rxa6 27. Kg2 Rb6 28. Re2 (28. Rh1 $16 Rg8 29. Rd2) 28... Qb7 29. Qd3 Qa6 ({Don't blunder} 29... Rxb2 $2 30. Rxb2 Qxb2 31. Rb1 $18) 30. Qf3 Qb7 31. Rdd2 (31. b3 $14) 31... a4 32. Qd3 Qa6 33. Qc2 Qc4 34. Re1 Kd7 35. Ra1 Ra8 {[#]} (35... Ra6 $14) 36. Nf3 (36. Qh7 $1 $16) 36... a3 37. bxa3 Rb3 ({Much worse is} 37... Rxa3 $6 38. Rxa3 Bxa3 39. Qh7 $16) 38. Rd3 (38. Rc1 $5 {[%cal Rd2d4]} Raxa3 39. Rd3 $15) 38... Raxa3 $2 {[%mdl 8192]} (38... Rbxa3 $11 39. Rd4 Ra2 40. Rxc4 Rxc2 41. Rxa8 dxc4) 39. Nd2 $18 Qa4 40. Nxb3 Qxb3 41. Qxb3 Rxb3 {[%mdl 4096] Endgame KRR-KRB} 42. Ra7+ Ke8 43. Rf3 Rb2 $2 (43... Ra3) 44. g4 {White is clearly winning.} Re2 45. Rh3 Rxf2+ 46. Kg3 {White wants to mate with Rh8+.} ({Less strong is} 46. Kxf2 Bc5+ 47. Kf3 Bxa7 $16) 46... Rc2 47. Rh8+ Bf8 48. Ra8+ Ke7 49. Rhxf8 Rxc3+ 50. Kh4 Re3 51. Rae8+ Kd7 52. Rd8+ Kc7 53. Ra8 Rxe5 54. Rxf7+ Kc6 55. Rc8+ Kb6 56. Rxg7 {Precision: White = 42%, Black = 26%.} 1-0

[Event "1st Gujarat GM Open 2018"]
[Site "Ahmedabad"]
[Date "2018.10.09"]
[Round "6"]
[White "Rajarshi Dutta"]
[Black "Gomes, Mary Ann"]
[Result "0-1"]
[WhiteElo "2026"]
[BlackElo "2302"]
[Annotator "TA"]
[PlyCount "54"]
[EventDate "2018.10.05"]
[EventType "swiss"]
[EventCountry "IND"]
[SourceTitle "playchess.com"]
[Source "ChessBase"]
[SourceQuality "1"]

{[%evp 9,54,52,55,42,42,25,75,55,71,24,25,-19,0,-20,-3,-8,-11,-29,-18,-24,32,22,68,67,64,77,111,0,104,99,315,304,316,310,310,310,336,340,324,314,275,231,217,-29997,-29998,-29998,-29999]} 1. e4 c5 2. c3 Qa5 3. Nf3 Nc6 4. Bc4 {[%cal Bf1c4,Bc4b3,Bb3c2][%mdl 32]} e6 (4... d6 5. O-O Nf6 6. Re1 b5 7. Bf1 Bg4 8. h3 Bh5 9. a4 a6 10. g4 Bg6 11. d4 Rd8 12. d5 Nb8 13. Nfd2 {1-0 (29) Paehtz,E (2454)-Antoniewski,R (2559) Austria 2012}) 5. O-O b5 {[%cal Bb7b5,Bb5b4][%mdl 32]} 6. Bb3 {B22: Sicilian: 2 c3} c4 7. Bc2 Nf6 8. d4 {White is better.} cxd3 9. Qxd3 b4 $1 10. Bb3 $146 ({Predecessor:} 10. c4 Ba6 11. Nbd2 Be7 12. b3 {1-0 (45) Schneider,V (2212)-Pirisi,G (2295) Budapest 2004}) 10... Ba6 11. Bc4 Bxc4 12. Qxc4 Ne5 13. Nxe5 Qxe5 14. cxb4 a5 ({Much worse is} 14... Nxe4 $6 15. Nc3 $14) ({Black should play} 14... Bd6 $11 15. f4 Qxe4 16. Qxe4 Nxe4) 15. bxa5 $14 Ng4 {[%csl Gg4][%cal Re5h2]} 16. g3 Qh5 {[%csl Gg4][%cal Rh5h2]} 17. h4 Ne5 {[#]} 18. Qc3 (18. Qb3 $1 $16) 18... Bc5 (18... Bb4 $1 $11 {keeps the balance.} 19. Qxb4 Nf3+ 20. Kh1 Qg4) 19. Kg2 $16 d6 $2 (19... Be7 $16 {was called for.}) 20. b4 $18 Ba7 21. Bf4 O-O 22. Nd2 Rac8 23. Qb3 Ng6 24. Bxd6 Rfd8 25. e5 {Strongly threatening Qf3.} Qg4 26. Qd1 $4 {[%mdl 8192] [#]} (26. Kh2 $18) 26... Nf4+ $1 27. Kg1 Qxg3+ {Precision: White = 59%, Black = 30%.} 0-1

[Event "1st Gujarat GM Open 2018"]
[Site "Ahmedabad"]
[Date "2018.10.09"]
[Round "6"]
[White "Thipsay, Bagyashree Sathe"]
[Black "Kunal, M.."]
[Result "0-1"]
[WhiteElo "2021"]
[BlackElo "2270"]
[Annotator "TA"]
[PlyCount "78"]
[EventDate "2018.10.05"]
[EventType "swiss"]
[EventCountry "IND"]
[SourceTitle "playchess.com"]
[Source "ChessBase"]
[SourceQuality "1"]

{[%evp 20,78,0,-12,0,-4,-6,0,0,-1,20,0,54,54,43,-3,60,64,66,68,123,112,127,104,103,86,113,75,89,84,188,179,183,188,165,160,226,225,287,243,237,199,200,197,210,118,97,99,98,0,0,0,30,5,22,8,109,67,66,-624,-617]} 1. e4 c5 2. Nf3 d6 3. d4 Nf6 4. Nc3 cxd4 5. Nxd4 a6 6. Be2 e5 7. Nb3 Be7 8. O-O O-O 9. Kh1 Nc6 10. f4 b5 {B92: Sicilian Najdorf: 6 Be2} 11. Bf3 {LiveBook: 59 Games} (11. Be3 Bb7 12. a4 exf4 13. Rxf4 Ne5 14. Qd4 Nc6 15. Qd2 Ne5 16. Qd4 Nc6 17. Qd2 Ne5 18. axb5 axb5 {0-1 (66) Carlsen,M (2814)-Nepomniachtchi,I (2733) Wijk aan Zee 2011 CBM 141 [Nepomniachtchi,I]}) 11... Be6 12. Nd5 exf4 {The position is equal.} 13. Bxf4 Ne5 $1 14. Nd4 {[#] aiming for Bxe5.} Rc8 15. c3 Nxd5 (15... Bd7 $11) 16. exd5 $14 Bd7 17. Be4 $146 (17. Bxe5 $5 dxe5 18. Nc6 Bxc6 19. dxc6 $11) ({Predecessor:} 17. Re1 Bf6 18. Be4 {0-1 (71) Froeyman,H (2308)-Klyuner,V (2402) Belgium 2004}) 17... g6 (17... Bf6 $11) 18. Nc6 $1 {[%cal Rc6d8]} Bxc6 19. dxc6 f5 ({Better is} 19... Bg5 $14) 20. Bd5+ $16 Kg7 21. a4 Nxc6 22. axb5 axb5 23. Qe2 Bf6 24. Qxb5 Ne5 {[#]} (24... Ne7 $16) 25. Ra7+ $1 $18 Rc7 26. Rfa1 {Threatens to win with Ra8.} g5 27. Be3 Rxa7 (27... Kg6 $16 28. h3 h5) 28. Rxa7+ Kg6 29. Qb7 {[%csl Ga7][%cal Rb7h7]} Rh8 30. Bf7+ Kh6 31. Be6 f4 32. Bd4 $40 {[%mdl 128] Black is in trouble.} (32. Bf5 $18 {[%cal Rb7h7] Qxh7+! would kill now.} Qg8 33. Bd4) 32... Qe8 $16 33. Qd5 Qh5 34. h3 (34. Bg1 $16) 34... Qd1+ $11 35. Bg1 Qe2 36. b4 {White wants to play Ra2.} f3 $1 {( -> ...Qxg2#)} 37. gxf3 {With the idea Ra2.} Ng6 (37... Qf1 $11 {keeps the balance.} 38. Ra2 Nxf3) 38. Ra2 ({Don't play} 38. Qf5 $6 Bxc3 39. Ra5 Be5 $11) 38... Qe1 {Strongly threatening ...Nf4.} 39. Qd2 $2 {[%mdl 8192]} ({But not} 39. Qxd6 Rd8 $11) (39. h4 $14 gxh4 40. Bg4) 39... Qxe6 {Precision: White = 40%, Black = 35%.} 0-1

[Event "1st Gujarat GM Open 2018"]
[Site "Ahmedabad"]
[Date "2018.10.09"]
[Round "6"]
[White "Shyam Prasad Reddy K"]
[Black "Franco Valencia, Angela"]
[Result "*"]
[WhiteElo "2014"]
[BlackElo "2188"]
[Annotator "TA"]
[PlyCount "24"]
[EventDate "2018.10.05"]
[EventType "swiss"]
[EventCountry "IND"]
[SourceTitle "playchess.com"]
[Source "ChessBase"]
[SourceQuality "1"]

{[%evp 15,24,28,20,-29,-18,-51,-63,-108,-103,-103,-104]} 1. e4 e5 2. Nf3 Nc6 3. Bb5 {[%cal Bf1b5,Bb5a4,Ba4b3][%mdl 32]} a6 4. Ba4 d6 5. O-O Bd7 6. d4 b5 7. Bb3 Nxd4 {C72: Ruy Lopez: Deferred Steinitz: 5 0-0} 8. Nxd4 exd4 {LiveBook: 52 Games} 9. Qd3 $146 ({Worse is} 9. Qxd4 c5 $17) ({Predecessor:} 9. c3 dxc3 10. Qh5 g6 11. Qd5 Be6 12. Qc6+ Bd7 13. Qxc3 Nf6 14. e5 dxe5 15. Qxe5+ Qe7 16. Qxc7 Bg7 17. Nc3 b4 18. Bg5 {½-½ (48) Kokarev,D (2616)-Vavulin,M (2575) Moscow 2018}) 9... Nf6 10. Bg5 Be7 11. Nd2 h6 12. Bh4 O-O *

[Event "1st Gujarat GM Open 2018"]
[Site "Ahmedabad"]
[Date "2018.10.09"]
[Round "6"]
[White "Shyam Prasad Reddy K"]
[Black "Franco Valencia, Angela"]
[Result "1-0"]
[WhiteElo "2014"]
[BlackElo "2188"]
[Annotator "TA"]
[PlyCount "51"]
[EventDate "2018.10.05"]
[EventType "swiss"]
[EventCountry "IND"]
[SourceTitle "playchess.com"]
[Source "ChessBase"]
[SourceQuality "1"]

{[%evp 16,51,41,40,76,56,56,54,49,41,54,41,48,40,43,42,42,36,128,84,100,66,218,214,239,232,494,499,487,458,975,947,2312,2192,3576,3598,2543,2340]} 1. e4 e5 2. Nf3 Nc6 3. Bb5 a6 4. Ba4 d6 5. O-O Bd7 6. d4 b5 7. Bb3 Nxd4 8. Nxd4 exd4 9. c3 (9. Qxd4 $2 c5 $17) 9... d3 {C72: Ruy Lopez: Deferred Steinitz: 5 0-0} 10. Qxd3 Nf6 11. Bg5 {[%cal Bc1g5,Bg5h4,Bh4f2,Bf2d4][%mdl 32]} Be7 {White is slightly better.} 12. Nd2 $40 {[%mdl 128] White mounts an attack.} h6 $146 ({Predecessor:} 12... O-O 13. f4 Bc6 14. Bc2 g6 15. Rae1 Ng4 16. Bxe7 Qxe7 17. Nf3 {½-½ (38) Spoelman,W (2445)-Halkias,S (2590) Groningen 2007}) 13. Bh4 O-O 14. Bc2 {And now e5! would win.} g6 15. Rae1 Re8 16. f4 Qc8 ({Better is} 16... b4 $14) 17. Kh1 Bc6 18. Bf2 Qg4 $2 (18... Bb7 $14) 19. Bd1 $18 Qd7 {[#]} 20. Bd4 $1 d5 $2 (20... Nh7 {was called for.} 21. f5 g5) 21. e5 {White is clearly winning.} Ne4 {[#]} 22. f5 $1 {[%mdl 512]} Bb7 (22... gxf5 $142 23. Nxe4 dxe4 24. Qg3+ Bg5) 23. fxg6 fxg6 24. Nxe4 dxe4 25. Bb3+ Bd5 26. Qxe4 {Precision: White = 80%, Black = 30%.} 1-0

[Event "1st Gujarat GM Open 2018"]
[Site "Ahmedabad"]
[Date "2018.10.09"]
[Round "6"]
[White "Suvradeepta, Das"]
[Black "Balaji Sekar"]
[Result "1/2-1/2"]
[WhiteElo "2005"]
[BlackElo "1189"]
[Annotator "NA RC"]
[PlyCount "74"]
[EventDate "2018.10.05"]
[EventType "swiss"]
[EventCountry "IND"]
[SourceTitle "playchess.com"]
[Source "ChessBase"]
[SourceQuality "1"]
[TimeControl "5400+30"]

1. c4 {[%emt 0:08:49]} Nf6 {[%emt 0:00:00]} 2. Nc3 {[%emt 0:00:07]} e5 {[%emt 0:00:00]} 3. Nf3 {[%emt 0:00:09]} Nc6 {[%emt 0:00:00]} 4. e3 {[%emt 0:00:05]} Bb4 {[%emt 0:00:01]} 5. Qc2 {[%emt 0:00:07]} Bxc3 {[%emt 0:00:04]} 6. Qxc3 {[%emt 0:00:05]} Qe7 {[%emt 0:00:03]} 7. b3 {[%emt 0:00:12]} O-O {[%emt 0:06:49]} 8. Bb2 {[%emt 0:00:12]} Re8 {[%emt 0:00:55]} 9. Be2 {[%emt 0:00:49]} d6 {[%emt 0:07:03]} 10. O-O {[%emt 0:01:17]} Bf5 {[%emt 0:08:12]} 11. d4 {[%emt 0:09:40]} Ne4 {[%emt 0:09:14]} 12. Qc1 {[%emt 0:01:09]} Bg6 {[%emt 0:04:00]} 13. d5 {[%emt 0:03:29]} Nb8 {[%emt 0:00:59]} 14. Nd2 {[%emt 0:01:34]} Nc5 {[%emt 0:00:39]} 15. Qd1 {[%emt 0:15:46]} c6 {[%emt 0:09:41]} 16. b4 {[%emt 0:07:18]} Nd3 {[%emt 0:02:36]} 17. Bc3 {[%emt 0:09:36]} cxd5 {[%emt 0:00:17]} 18. cxd5 {[%emt 0:00:15]} Nd7 {[%emt 0:03:07]} 19. Bxd3 {[%emt 0:20:55]} Bxd3 {[%emt 0:00:02]} 20. Re1 {[%emt 0:00:01]} f5 {[%emt 0:11:01]} 21. Qb3 {[%emt 0:04:04]} e4 {[%emt 0:10:33]} 22. Rac1 {[%emt 0:00:44]} Qf7 {[%emt 0:11:11]} 23. Bd4 {[%emt 0:02:07]} Ne5 {[%emt 0:08:39]} 24. Rc3 {[%emt 0:00:22]} b5 {[%emt 0:00:52]} 25. Bxe5 {[%emt 0:03:42]} dxe5 {[%emt 0:02:37]} 26. Rec1 {[%emt 0:00:30]} Red8 {[%emt 0:02:53]} 27. Rc5 {[%emt 0:01:38]} f4 {[%emt 0:00:47]} 28. d6 {[%emt 0:02:18]} Rxd6 {[%emt 0:00:29]} 29. Qxf7+ {[%emt 0:01:35]} Kxf7 {[%emt 0:00:01]} 30. Rxe5 {[%emt 0:00:01]} fxe3 {[%emt 0:01:07]} 31. fxe3 {[%emt 0:00:02]} Kf6 {[%emt 0:00:25]} 32. Rcc5 {[%emt 0:00:50]} Re6 {[%emt 0:00:44]} 33. Rf5+ {[%emt 0:00:28]} Kg6 {[%emt 0:00:11]} 34. Rg5+ {[%emt 0:01:43]} Kh6 {[%emt 0:00:03]} 35. Rh5+ {[%emt 0:01:33]} Kg6 {[%emt 0:00:01]} 36. Rhg5+ {[%emt 0:00:15]} Kh6 {[%emt 0:00:01]} 37. Rh5+ {[%emt 0:00:21]} Kg6 {[%emt 0:00:00]} 1/2-1/2

[Event "1st Gujarat GM Open 2018"]
[Site "Ahmedabad"]
[Date "2018.10.09"]
[Round "6"]
[White "Mrudul Dehankar"]
[Black "Utsab Chatterjee"]
[Result "1/2-1/2"]
[WhiteElo "1996"]
[BlackElo "2149"]
[Annotator "TA"]
[PlyCount "76"]
[EventDate "2018.10.05"]
[EventType "swiss"]
[EventCountry "IND"]
[SourceTitle "playchess.com"]
[Source "ChessBase"]
[SourceQuality "1"]

{[%evp 22,76,6,-30,-11,-29,-13,-57,25,-50,-72,-83,-18,-27,-30,-14,13,14,12,0,8,0,4,0,50,45,38,57,64,43,77,60,211,208,181,192,240,165,148,100,106,104,141,129,292,37,28,0,278,74,767,768,29979,0,0,-22,22]} 1. e4 c5 2. Nf3 d6 3. d4 cxd4 4. Nxd4 Nf6 5. Nc3 a6 6. Bc4 e6 7. Bb3 Nbd7 8. f4 Nc5 9. Qf3 Qc7 10. f5 Be7 11. O-O O-O 12. Be3 b5 {B86: Sicilian Scheveningen/Najdorf: 6 Bc4, without early ...b5} 13. a3 Kh8 14. Rae1 Bb7 ({Black should play} 14... Rb8 $1 $15) 15. Bg5 $146 (15. fxe6 $11 fxe6 16. Bxe6 (16. Nxe6 Nxe6 17. Bxe6 Nxe4 $11)) ({Predecessor:} 15. fxe6 fxe6 16. Nxe6 Nxe6 17. Bxe6 Nxe4 18. Qh3 Nxc3 19. bxc3 Rxf1+ 20. Rxf1 Qxc3 {0-1 (33) Megaranto,S (2439)-Paragua,M (2534) Singapore 2004}) 15... Qb6 $15 16. Kh1 b4 ({Black should try} 16... Nxb3 $17 17. Nxb3 e5) 17. axb4 $11 Qxb4 18. Qd1 {[%cal Rf5e6]} Rae8 (18... Nxb3 {is more complex.} 19. Nxb3 h6 20. Bd2 Qb6 21. Be3 Qc7) 19. fxe6 fxe6 20. Nxe6 Nxe6 21. Bxe6 Qxb2 22. Qd3 {Strongly threatening Rb1.} (22. Rf3 {feels hotter.} Bc8 23. Bf5 a5 24. Qd3 Ng4 25. Bc1) 22... Bc8 (22... Nxe4 $5 23. Nxe4 Bxe4 24. Qxe4 Bxg5 $11) 23. Bb3 Qa3 24. h3 Qc5 25. Bf4 Nh5 26. Bh2 $1 {Hoping for Bf7.} Qg5 $2 (26... Rxf1+ $14 27. Rxf1 Nf6) 27. Nd5 $18 Rxf1+ 28. Rxf1 Bf8 29. Nc7 Rd8 30. Ne6 Bxe6 31. Bxe6 $40 {[%mdl 128] White wants a kill.} a5 32. Bb3 Be7 $2 {[#]} (32... Re8 $16 {was worth a try.} 33. e5 dxe5) 33. Rf5 $2 (33. e5 $1 $18 {[%cal Re5d6][%mdl 512]} a4 (33... dxe5 34. Qxd8+) 34. Be6 (34. exd6 axb3 35. dxe7 Qxe7 $16) (34. Bxa4 h6 $16)) 33... Qc1+ $14 34. Rf1 $2 (34. Qf1 $11 Qxf1+ 35. Rxf1) 34... Qg5 $1 $18 {[#]} 35. Qc4 $2 (35. e5 $1 $18 {[%cal Re5d6][%mdl 512]} a4 (35... dxe5 36. Qxd8+) 36. Be6 (36. exd6 axb3 37. dxe7 Qxe7 $16) (36. Bxa4 h6 $16)) 35... Ng3+ $2 {[%mdl 8192]} (35... Nf6 $16) 36. Bxg3 $1 Qxg3 37. Qf7 $2 (37. Qc7 {mates} Ra8 38. Qb7 Rg8 39. Qxe7 Qe5 40. Rf8 Qa1+ 41. Kh2 Qe5+ 42. Qxe5 Rxf8 43. Qxd6) 37... Qe5 $11 38. Bd5 Bf6 {Precision: White = 26%, Black = 29%.} 1/2-1/2

[Event "1st Gujarat GM Open 2018"]
[Site "Ahmedabad"]
[Date "2018.10.09"]
[Round "6"]
[White "Anusha N L V"]
[Black "Kumar, Gaurav"]
[Result "0-1"]
[WhiteElo "1985"]
[BlackElo "2236"]
[Annotator "TA"]
[PlyCount "90"]
[EventDate "2018.10.05"]
[EventType "swiss"]
[EventCountry "IND"]
[SourceTitle "playchess.com"]
[Source "ChessBase"]
[SourceQuality "1"]

{[%evp 19,90,-27,34,37,35,27,38,26,28,24,52,53,42,6,11,-65,-12,-12,-12,-14,0,-6,-11,-16,-12,-52,0,0,0,-13,0,0,-1,-66,-67,-97,-96,-97,-106,-103,-47,-58,-32,-66,-64,-57,-59,-57,-57,-147,-147,-147,-77,-64,-65,-65,-86,-152,-75,-154,-147,-202,-93,-158,-166,-195,-145,-158,-134,-1054,-1008,-1093,-1086]} 1. d4 Nf6 2. Nf3 e6 3. c4 Bb4+ 4. Nc3 c5 5. e3 O-O 6. Bd3 b6 7. O-O Bb7 8. a3 Bxc3 9. bxc3 d6 10. Qe2 Nbd7 (10... Be4 $11) 11. e4 $14 {E43: Nimzoindisch (Rubinstein-System)} cxd4 12. cxd4 e5 13. d5 $146 {Weiß steht etwas besser.} ({Vorgänger:} 13. Nh4 exd4 14. Nf5 Nc5 15. f3 Bc8 16. Nxd4 Qe7 17. Bb2 Bd7 18. Bc2 Rfe8 {1-0 (69) Zaiatz,E (2419)-Pogonina,N (2442) Moscow 2011}) 13... h6 14. Be3 Rc8 15. Nd2 Nc5 16. Bc2 Ba6 17. Bd3 {[#]} (17. Rfc1 $11) 17... Nxd3 (17... Nfxe4 $1 $15 {[%mdl 512]} 18. Bxe4 (18. Nxe4 Nxd3) 18... Nxe4 19. Nxe4 Bxc4) 18. Qxd3 $11 Ng4 19. Rac1 Qd7 (19... Nxe3 {is more complex.} 20. Qxe3 Rc5 21. a4 Qc7 22. Qa3 Rc8) 20. h3 Nxe3 21. Qxe3 Rc5 22. f4 Rfc8 (22... exf4 $15 23. Rxf4 f6) 23. fxe5 dxe5 {[%cal Ra6c4]} 24. Qg3 Qd6 {[%cal Ra6c4]} 25. Rf5 f6 {[%cal Ra6c4]} 26. Rcf1 ({Besser ist} 26. Qg6 $11) 26... Kh7 $15 27. h4 Bxc4 28. Nxc4 Rxc4 29. h5 Rc1 ({Natürlich nicht} 29... Rxe4 $6 30. Rxf6 $1 {[%mdl 512]} Qc5+ 31. Kh2 $11) (29... Rf8 $17 30. Qg6+ Kh8) 30. Qg6+ Kg8 31. Rxc1 Rxc1+ {[%mdl 4096] Endspiel KDT-KDT} 32. Kh2 Kf8 {...Dc5 ist eine echte Drohung.} 33. Rf3 Qc5 {Droht ...Dg1+ und aus.} 34. Qf5 (34. Kh3 $1 $15) 34... Qg1+ $1 $17 35. Kh3 Rc2 (35... Qh1+ $142 36. Kg3 Rc2) 36. Rg3 Qh1+ 37. Kg4 Qd1+ 38. Kh3 (38. Kh4 $142) 38... Rc4 ({Günstiger ist} 38... Rc1 $1 39. Re3 Qh1+ 40. Kg3 Rc4) 39. Kh2 (39. Qg6 $142 Rc7 40. Kh4) 39... Rc1 {[%csl Gc1][%cal Rd1h1]} 40. Kh3 (40. Rf3 $17 {war angesagt.}) 40... Qd2 (40... b5 $19 {bietet bessere Gewinnchancen.} 41. Re3 a5) 41. Kh2 {[#]} (41. Rf3 $142) 41... Qe1 $1 {[%csl Gc1][%cal Re1h1]} 42. Rf3 Qh1+ $40 {[%mdl 128] Schwarz will per K.O. gewinnen.} 43. Kg3 {beabsichtigt Dxe5.} Rc2 {[%csl Gh1][%cal Rc2g2]} 44. Rf2 $2 {[%mdl 8192] [#]} (44. Qh3 $17 Qxh3+ 45. Kxh3) 44... Qe1 $1 $19 45. Qf3 Rc3 {Precision: Weiß = 29%, Schwarz = 53%.} 0-1

[Event "1st Gujarat GM Open 2018"]
[Site "Ahmedabad"]
[Date "2018.10.09"]
[Round "6"]
[White "Sourath, Biswas"]
[Black "Kiran, Manisha Mohanty"]
[Result "0-1"]
[WhiteElo "1925"]
[BlackElo "2147"]
[Annotator "TA"]
[PlyCount "68"]
[EventDate "2018.10.05"]
[EventType "swiss"]
[EventCountry "IND"]
[SourceTitle "playchess.com"]
[Source "ChessBase"]
[SourceQuality "1"]

{[%evp 15,68,14,15,0,13,0,4,-21,-20,-20,20,15,31,33,47,0,20,-15,6,0,19,0,0,8,162,154,234,225,234,122,147,155,158,121,191,166,153,174,199,-36,-26,-160,-149,-1836,-1829,-5385,-137,-5377,-5690,-29990,-29991,-29991,-29992,-29992,-29993]} 1. d4 Nf6 2. c4 g6 3. g3 Bg7 4. Bg2 d5 5. cxd5 Nxd5 6. Nc3 Nb6 7. e3 O-O 8. Nge2 e5 {LiveBook: 18 Games. D71: Fianchetto Grünfeld: 3 g3 d5 sidelines and 5 cxd5 (without Nf3)} 9. dxe5 (9. O-O c6 10. b3 exd4 11. exd4 Re8 12. Bf4 Na6 13. Qd2 Nc7 14. Bg5 Bf6 15. Bxf6 Qxf6 16. Ne4 Qg7 17. Rae1 {½-½ (142) Riazantsev,A (2666)-Deac,B (2559) Douglas 2017}) 9... Bxe5 10. Qc2 $146 ({Predecessor:} 10. O-O Qe7 11. Qc2 Na6 12. a3 c6 13. e4 Bg7 14. Be3 Nc4 15. Bd4 Bxd4 16. Nxd4 {½-½ (57) Volchek,N (2152)-Polivoda,N (2161) Minsk 2003}) 10... Na6 {[%cal Bb8a6,Ba6c5,Bc5b3][%mdl 32] The position is equal.} 11. a3 Nc5 12. O-O $1 Be6 13. b4 Nb3 14. Rb1 Nxc1 15. Qxc1 c6 16. Rd1 Qe7 17. Nd4 Bc8 18. a4 a5 19. bxa5 Nc4 $2 {[#]} (19... Nd7 $1 $11) 20. a6 $1 $18 {[%cal Ra6b7][%mdl 512] axb7 is the strong threat.} Rxa6 (20... Na5 $16) 21. Bf1 Bxd4 22. Bxc4 ({Weaker is} 22. Rxd4 Ne5 $14) (22. exd4 $18 Be6 23. Re1) 22... Bg7 23. Bxa6 bxa6 24. Ne2 Bg4 (24... Qe4 $16 {might work better.}) 25. Qc4 Bf3 26. Rd2 Bd5 27. Qb4 $2 ({White must play} 27. Rxd5 $18 cxd5 28. Qxa6) 27... c5 $1 $15 {[%cal Rc5b4][%mdl 1024] Black has compensation.} 28. Qb6 {[#]} (28. Qh4 $11 g5 29. Qh5 (29. Qg4 $2 f5 $19)) 28... Ba8 $1 $17 {Hoping for ...Qe4.} 29. Rd6 $2 {[%mdl 8192]} (29. Kf1 $17) 29... Qe4 $19 {[%csl Ga8][%cal Re4h1]} 30. Kf1 Qh1+ $40 {[%mdl 128] Black wants a kill.} 31. Ng1 {intending Ke2.} Bf3 $1 32. Qxc5 Qg2+ {Black mates.} 33. Ke1 Qxg1+ 34. Kd2 Qxb1 {Precision: White = 29%, Black = 64%.} 0-1